01987cam a22003734i 4500003000900000005001700009008004100026020001500067020001800082035002000100040003300120082002100153100003900174245007600213264004200289300006200331336002100393337002500414338002300439504003300462505098000495526001001475526001001485526001001495526001001505526000801515526000801523526000801531526000801539526000801547526000801555526000801563650004201571PE-LiUPU20250731173112.0181231s2018 tnua r 001 0 eng d a1426799969 a9781426799969 a(Sirsi) a251232 aPE-LiUPUbspacPE-LiUPUerda04a222.107bS292231 aSchlimm, Matthew Richard.,eautor.10a70 Hebrew words every Christian should know /cMatthew Richard Schlimm. 1aNashville :bAbingdon Press,c[2018]. axvii, 202 páginas :bilustraciones ;c23 centímetros. atext2rdacontent aunmediated2rdamedia avolume2rdacarrier aÍndice: páginas 199-202.0 aLosing Hebrew sounds -- Genesis 2-4 -- Babbling at Babel -- The Parable of the vineyard -- The horror of a fruit basket? -- A famous benediction -- Conclusion -- Losing Hebrew meaning -- Adam and Eve -- Other names -- Amen -- Hallelujah -- Sabbath -- Satan -- Conclusion -- Words we lack in English -- Create -- Heart -- Soul -- Name above all names -- Sheol -- Ban -- Conclusion -- Missing multiple meanings -- Hear and obey -- Evil and disaster -- Justice and judgment -- Breath, wind, spirit -- Hoping and waiting -- Law and Instruction -- Conclusion -- Visualizing the abstract -- Vanity --Transgress -- Keeping the law -- Sin and forgiveness -- Repent -- Bless -- Conclusion -- Blinded by the past -- Behold -- Woe, alas -- Atone -- Deliver -- Redeem -- Host -- Conclusion -- Practices and objects -- Remember -- Covenant -- Walk -- Horses -- Gates -- Houses -- Conclusion -- Cultural values -- Shalom -- Love -- Cleanliness -- Holiness -- Glory -- Wisdom -- Fear. aSEG42 aSEG41 aSEG40 aSEG39 aP94 aP87 aP86 aP85 aP77 aP76 aP35 0aLengua hebreaxEstudio y enseñanza.